Kádár János, mint irodalmi téma

Bibliographic Details
Main Author: Csicsay, Alajos, 1938- (Author)
Format: Article
Language:Hungarian
Subjects:

MARC

LEADER 00000nab a2200000 ar4500
001 vtls010026516
003 SK-MaSNL
005 20260319074252.0
008 091130c2009 xo |||||||b| |000 b|hun
015 |a SNBRB2009/11  |2 snkbucl 
038 |a SNKBUCL 
040 |a DSZK  |b slo  |c DSZK  |e AACR2 
041 0 |a hun 
044 |a xo  |c SK 
080 |a 32-051  |2 1997 
080 |a 929 Kádár, János  |2 1997 
100 1 |a Csicsay, Alajos,  |d 1938-  |4 aut  |9 201144 
245 1 0 |a Kádár János, mint irodalmi téma  |c Csicsay Alajos 
504 |a Bibliogr. odkazy 
600 1 7 |a Kádár, János,  |d 1912-1989  |2 snkbucl  |9 100734 
650 0 7 |a literárna téma  |2 snkbucl  |9 1035900 
773 0 |t Irodalmi szemle  |g Évf. LII, sz. 11 (2009), o. 83-93  |x 1336-5088 
852 |a SNK  |b KIS3GCP 
852 |a DSZK  |b KIS3GCP 
958 |a HU 
958 |a NB 
958 |a BC 
999 |c 1703521  |d 1705451